Tamil and Muslim identities in the East (Record no. 4398)

MARC details
000 -LEADER
fixed length control field 00798nam a22002297a 4500
003 - CONTROL NUMBER IDENTIFIER
control field LK-CoMWRAF
005 - DATE AND TIME OF LATEST TRANSACTION
control field 20231213113509.0
008 - FIXED-LENGTH DATA ELEMENTS--GENERAL INFORMATION
fixed length control field 231213b2001 |||||||| |||| 00| 0 eng d
020 ## - INTERNATIONAL STANDARD BOOK NUMBER
International Standard Book Number 9555820872
040 ## - CATALOGING SOURCE
Original cataloging agency LK-CoMWRAF
Modifying agency LK-CoMWRAF
Description conventions LK-CoMWRAF
041 ## - LANGUAGE CODE
Language code of text/sound track or separate title English
082 ## - DEWEY DECIMAL CLASSIFICATION NUMBER
Classification number 305.8
Item number MAC
942 ## - ADDED ENTRY ELEMENTS (KOHA)
Koha item type Books
100 ## - MAIN ENTRY--PERSONAL NAME
Personal name McGilvray, Dennis B.
130 ## - MAIN ENTRY--UNIFORM TITLE
Uniform title A history of ethnic conflict in Sri Lanka: recollection, reinterpretation & reconciliation
245 ## - TITLE STATEMENT
Title Tamil and Muslim identities in the East
260 ## - PUBLICATION, DISTRIBUTION, ETC. (IMPRINT)
Place of publication, distribution, etc. Colombo:
Name of publisher, distributor, etc. Marga Institute,
Date of publication, distribution, etc. 2001
300 ## - PHYSICAL DESCRIPTION
Extent 37 p. ; 23 cm
Other physical details Bibliography included
490 ## - SERIES STATEMENT
Series statement Marga monograph series on ethnic reconciliation
Volume/sequential designation no. 24
650 ## - SUBJECT ADDED ENTRY--TOPICAL TERM
Topical term or geographic name as entry element Muslims- Sri Lanka- Ethnic identity
650 ## - SUBJECT ADDED ENTRY--TOPICAL TERM
Topical term or geographic name as entry element Tamil (Indic people-) Sri Lanka- Ethnic identity
Holdings
Withdrawn status Lost status Damaged status Not for loan Permanent Location Current Location Date acquired Full call number Barcode Koha item type
        Resource center, Muslim Women's Research And Action Forum Resource center, Muslim Women's Research And Action Forum 2023-12-13 305.8 MAC RAF4534 Books

Copyright © 2023 Muslim Women's Research and Action Forum (MWRAF), No 27/3, Anderson Road, Kalubowila, Dehiwela. Funded by The Asia Fundation